Statystyki dla Top 10 stanów USA o najwyższej oczekiwanej długości życia

Kliknij tutaj aby rozwiązać quiz!

Ogólne statystyki

  • Ten quiz został rozwiązany 188 razy
  • Średni wynik to 5 z 10

Statystyki odpowiedzi

LatStan% Poprawnych
81.6Kalifornia
90%
81.3Nowy Jork
81%
80.0Floryda
75%
80.4Waszyngton
71%
82.3Hawaje
53%
80.4New Jersey
40%
80.5Kolorado
35%
80.5Massachusetts
24%
81.0Minnesota
23%
80.9Connecticut
22%

Rozkład punktacji

Percentyl według liczby udzielonych odpowiedzi

Procent ludzi z każdym wynikiem

Twoja historia wyników

Nie rozwiązałeś tego quizu